Central Library OPAC University of Rajshahi

Northern Africa : (Record no. 65329)

MARC details
000 -LEADER
fixed length control field 01079nam a2200265 a 4500
001 - CONTROL NUMBER
control field 65329
003 - CONTROL NUMBER IDENTIFIER
rucl marc code BD-RjUL
005 - DATE AND TIME OF LATEST TRANSACTION
control field 20211209081418.0
008 - FIXED-LENGTH DATA ELEMENTS--GENERAL INFORMATION
fixed length control field 170401s1973 enk b 101 0 eng d
020 ## - INTERNATIONAL STANDARD BOOK NUMBER
International Standard Book Number 0714629723
035 ## - SYSTEM CONTROL NUMBER
System control number (BD-RjUL)65459
040 ## - CATALOGING SOURCE
Original cataloging agency DLC
Transcribing agency DLC
Modifying agency m.c.
-- OCL
-- OSU
-- PGP
-- BD-RjUL
-- m/c
Language of cataloging eng
041 ## - LANGUAGE CODE
Language code of text/sound track or separate title eng
082 ## - DEWEY DECIMAL CLASSIFICATION NUMBER
Edition number 23
Classification number 297.0961
Author mark and year NOR 1973
245 00 - TITLE STATEMENT
Title Northern Africa :
Remainder of title Islam and modernization /
Statement of responsibility, etc. edited with introduction by Michael Brett.
260 ## - PUBLICATION, DISTRIBUTION, ETC. (IMPRINT)
Place of publication, distribution, etc. London :
Name of publisher, distributor, etc. Cass,
Date of publication, distribution, etc. 1973.
300 ## - PHYSICAL DESCRIPTION
Pagination xxvii, 177 p. ;
Size 23 cm.
500 ## - GENERAL NOTE
General note papers on the theme of Islamization, modernization, nationalism and independence presented and discussed at a symposium arranged by the African Studies Association of the United Kingdom on the occasion of its annual general meeting, 14, September 1971.
504 ## - BIBLIOGRAPHY, ETC. NOTE
Bibliography, etc Includes bibliographies and index.
650 #0 - SUBJECT ADDED ENTRY--TOPICAL TERM
Topical term or geographic name as entry element Islam
Geographic subdivision Africa.
9 (RLIN) 193358
651 #0 - SUBJECT ADDED ENTRY--GEOGRAPHIC NAME
Geographic name Africa, North.
9 (RLIN) 193359
700 1# - ADDED ENTRY--PERSONAL NAME
Personal name Brett, Michael.
710 2# - ADDED ENTRY--CORPORATE NAME
Corporate name or jurisdiction name as entry element African Studies Association of the United Kingdom.
9 (RLIN) 193361
942 ## - ADDED ENTRY ELEMENTS (KOHA)
Source of classification or shelving scheme Dewey Decimal Classification
Koha item type Books
Holdings
Lost status Source of classification or shelving scheme Damaged status Not for loan Collection code Permanent Location Current Location Shelving location Date acquired Source of acquisition Cost, normal purchase price Total Checkouts Full call number Date last seen Copy number Koha item type
  Dewey Decimal Classification   Not For Loan Non-fiction Central Library, University of Rajshahi Central Library, University of Rajshahi Reading Room 10/06/1975 Jonathan wree & co., London 3.50   297.0961 NOR 1973 04/03/2017 C-1 Books
  Dewey Decimal Classification     Non-fiction Central Library, University of Rajshahi Central Library, University of Rajshahi   08/01/1981 Jonathan wree & co., London     297.0961 NOR 1973 04/03/2017 C-2 Books